[Event "FIN-chT 2223"]
[Site "Finland"]
[Date "2022.10.15"]
[Round "3.4"]
[White "Koskinen, Henri"]
[Black "Pitkaaho, Aki"]
[Result "0-1"]
[WhiteElo "2220"]
[BlackElo "2184"]
[PlyCount "74"]
[EventDate "2022.09.24"]
[EventType "team-tourn"]
[EventRounds "11"]
[EventCountry "FIN"]
[SourceTitle "EXT 2024"]
[Source "ChessBase"]
[SourceDate "2023.10.10"]
[SourceVersion "1"]
[SourceVersionDate "2023.10.10"]
[SourceQuality "1"]
[WhiteTeam "Vantaa EtVaS"]
[BlackTeam "Raahe Li"]
[WhiteTeamCountry "FIN"]
[BlackTeamCountry "FIN"]

1. c4 e5 2. Nc3 Nf6 3. Nf3 Nc6 4. e4 Bc5 5. Nxe5 Nxe5 6. d4 Bb4 7. dxe5 Nxe4 8. Qf3 d5 9. exd6 0-0 10. Be2 Re8 11. 0-0 Nxc3 12. bxc3 Bxd6 13. Bd3 Qh4 14. g3 Qh3 15. Be3 Bg4 16. Qxb7 Rab8 17. Qg2 Qh5 18. Be4 Bh3 19. Qf3 Qxf3 20. Bxf3 Bxf1 21. Kxf1 a5 22. Bc6 Red8 23. Bd4 Rb2 24. a4 Be7 25. Bd5 Rdb8 26. Be4 Bf6 27. Rd1 Ra2 28. Bc6 Rd8 29. Re1 h6 30. Bxf6 gxf6 31. Re3 Rd6 32. Bd5 Kf8 33. Rf3 Rxa4 34. Rf5 Ra1+ 35. Kg2 Ra6 36. c5 Kg7 37. Bc4 Ra7 0-1

[Event "FIN-chT1A 1819"]
[Site "Finland"]
[Date "2019.02.09"]
[Round "6.4"]
[White "Pitkaaho, Aki"]
[Black "Kauppala, Pekka"]
[Result "1/2-1/2"]
[WhiteElo "2187"]
[BlackElo "2024"]
[PlyCount "129"]
[EventDate "2018.09.15"]
[EventType "team-tourn"]
[EventRounds "7"]
[EventCountry "FIN"]
[SourceTitle "EXT 2020"]
[Source "ChessBase"]
[SourceDate "2019.10.17"]
[SourceVersion "1"]
[SourceVersionDate "2019.10.17"]
[SourceQuality "1"]
[WhiteTeam "Raahe Li"]
[BlackTeam "Helsinki LauttSK"]
[WhiteTeamCountry "FIN"]
[BlackTeamCountry "FIN"]

1. e4 c5 2. Nf3 Nf6 3. e5 Nd5 4. Nc3 e6 5. Nxd5 exd5 6. d4 Nc6 7. dxc5 Bxc5 8. Be2 d6 9. exd6 Qxd6 10. 0-0 0-0 11. c3 Bg4 12. Qa4 Ne5 13. Bf4 Bd7 14. Bxe5 Bxa4 15. Bxd6 Bxd6 16. Nd4 Bd7 17. Bf3 Be6 18. Rfe1 Rae8 19. Rad1 a6 20. g3 Bc5 21. Re2 Bb6 22. Red2 Re7 23. a3 g6 24. Kg2 Rd8 25. h3 Kg7 26. Ne2 Red7 27. Bg4 Kf6 28. c4 h5 29. Bxe6 fxe6 30. b4 Bc7 31. Nc3 Be5 32. Ne4+ Kf5 33. Nc5 Rc7 34. cxd5 Rxd5 35. Rxd5 exd5 36. Rxd5 b6 37. Nd3 Ke4 38. Rxe5+ Kxd3 39. Re6 Rb7 40. Rxg6 Kc3 41. Re6 a5 42. bxa5 bxa5 43. Re5 a4 44. Rxh5 Rb3 45. Ra5 Rxa3 46. h4 Kb4 47. Ra8 Rc3 48. h5 Rc5 49. g4 a3 50. h6 Rc7 51. g5 Rh7 52. Kg3 Kb3 53. Kg4 a2 54. Kh5 Rd7 55. g6 Rd5+ 56. Kg4 Rd4+ 57. f4 Ra4 58. Rb8+ Ka3 59. g7 a1Q 60. g8Q Qg1+ 61. Kf5 Ra5+ 62. Ke4 Qh1+ 63. Ke3 Qe1+ 64. Kf3 Qf1+ 65. Ke3 1/2-1/2

[Event "FIN-chT1A 1617"]
[Site "Finland"]
[Date "2017.01.14"]
[Round "5.1"]
[White "Pitkaaho, Aki"]
[Black "Alho, Mikko"]
[Result "1-0"]
[WhiteElo "2150"]
[BlackElo "2045"]
[PlyCount "67"]
[EventDate "2016.09.17"]
[EventType "team-tourn"]
[EventRounds "7"]
[EventCountry "FIN"]
[SourceTitle "EXT 2019"]
[Source "ChessBase"]
[SourceDate "2018.10.10"]
[SourceVersion "1"]
[SourceVersionDate "2018.10.10"]
[SourceQuality "1"]
[WhiteTeam "Raahe Li"]
[BlackTeam "Vaasa VSS"]
[WhiteTeamCountry "FIN"]
[BlackTeamCountry "FIN"]

1. e4 c5 2. Nf3 d6 3. d4 cxd4 4. Nxd4 Nf6 5. Nc3 g6 6. Bg5 Bg7 7. Bb5+ Nbd7 8. 0-0 a6 9. Bc4 h6 10. Bh4 Qb6 11. Bb3 0-0 12. Re1 e6 13. Qd2 g5 14. Bg3 Nh5 15. Rad1 Nxg3 16. hxg3 Nc5 17. Nf3 Nxb3 18. axb3 Rd8 19. e5 d5 20. Ne4 Bd7 21. Nf6+ Kf8 22. Nxg5 hxg5 23. Qxg5 Bh8 24. Qh4 Bg7 25. Qh7 Rac8 26. c4 Bc6 27. Qg8+ Ke7 28. Qxg7 Qxb3 29. Qg5 Kf8 30. Rd4 Qb4 31. Red1 Qxb2 32. Rh4 Ke7 33. Nxd5+ Kd7 34. Qe7# 1-0

[Event "FIN-chT1A 1617"]
[Site "Finland"]
[Date "2016.09.18"]
[Round "2.1"]
[White "Varpanen, Jan"]
[Black "Pitkaaho, Aki"]
[Result "0-1"]
[WhiteElo "2114"]
[BlackElo "2150"]
[PlyCount "108"]
[EventDate "2016.09.17"]
[EventType "team-tourn"]
[EventRounds "7"]
[EventCountry "FIN"]
[SourceTitle "EXT 2019"]
[Source "ChessBase"]
[SourceDate "2018.10.10"]
[SourceVersion "1"]
[SourceVersionDate "2018.10.10"]
[SourceQuality "1"]
[WhiteTeam "Helsinki HSK"]
[BlackTeam "Raahe Li"]
[WhiteTeamCountry "FIN"]
[BlackTeamCountry "FIN"]

1. d4 Nf6 2. c4 g6 3. Nc3 Bg7 4. e4 d6 5. f4 0-0 6. Nf3 Na6 7. Bd3 e5 8. fxe5 dxe5 9. d5 Ne8 10. Be3 c5 11. 0-0 Nd6 12. Qd2 Bd7 13. Nb5 Qe7 14. Rac1 b6 15. Bh6 Bxb5 16. cxb5 Nb8 17. b4 Nd7 18. Be3 c4 19. Bxc4 Nxe4 20. d6 Qxd6 21. Qxd6 Nxd6 22. Rfd1 Nxc4 23. Rxc4 Nf6 24. Nxe5 Rfe8 25. Bd4 Rad8 26. Nc6 Rd7 27. Rf1 Re4 28. Rfc1 Ng4 29. h3 Bxd4+ 30. Nxd4 Rdxd4 31. Rc8+ Kg7 32. hxg4 Rxg4 33. R1c2 Rxb4 34. R8c7 Rb1+ 35. Kh2 Rxb5 36. Rxa7 Rh5+ 37. Kg1 Rf5 38. a4 Ra5 39. Rb7 Raxa4 40. Rxb6 Rac4 41. Re2 Rcf4 42. Ra2 h5 43. Kh2 h4 44. Rc2 g5 45. Ra2 Rg3 46. Rb5 f6 47. Rb7+ Kg6 48. Rb8 Re3 49. Rc8 Rf1 50. Ra7 Re4 51. Rg8+ Kf5 52. Ra5+ Kg4 53. Ra2 f5 54. Ra7 Ree1 0-1

[Event "Raahe We RaahLi"]
[Site "Raahe"]
[Date "2015.10.31"]
[Round "1"]
[White "Peltomaa, Jukka"]
[Black "Pitkaaho, Aki"]
[Result "1/2-1/2"]
[WhiteElo "2003"]
[BlackElo "2159"]
[PlyCount "40"]
[EventDate "2015.10.31"]
[EventType "swiss"]
[EventRounds "5"]
[EventCountry "FIN"]
[SourceTitle "EXT 2022"]
[Source "ChessBase"]
[SourceDate "2021.10.06"]
[SourceVersion "1"]
[SourceVersionDate "2021.10.06"]
[SourceQuality "1"]

1. d4 Nf6 2. Nf3 g6 3. c4 Bg7 4. Nc3 0-0 5. e4 d6 6. h3 e5 7. d5 Na6 8. Bg5 Qe8 9. g4 Nc5 10. Nd2 a5 11. Be2 h6 12. Be3 Nh7 13. Nb3 Nxb3 14. Qxb3 a4 15. Qc2 f5 16. gxf5 gxf5 17. f3 f4 18. Bf2 Bd7 19. Nb5 Qd8 20. 0-0-0 Kh8 1/2-1/2

[Event "Raahe We RaahLi"]
[Site "Raahe"]
[Date "2012.??.??"]
[Round "2"]
[White "Lauronen, Timo"]
[Black "Pitkaaho, Aki"]
[Result "1/2-1/2"]
[WhiteElo "2005"]
[BlackElo "2130"]
[PlyCount "55"]
[EventDate "2012.??.??"]
[EventType "swiss"]
[EventRounds "5"]
[EventCountry "FIN"]
[SourceTitle "EXT 2022"]
[Source "ChessBase"]
[SourceDate "2021.10.06"]
[SourceVersion "1"]
[SourceVersionDate "2021.10.06"]
[SourceQuality "1"]

1. Nf3 c5 2. g3 Nc6 3. Bg2 g6 4. d4 cxd4 5. Nxd4 Bg7 6. Be3 Nf6 7. Nxc6 bxc6 8. 0-0 0-0 9. c4 Qa5 10. Bd4 Rd8 11. Nd2 d5 12. Nb3 Qa4 13. cxd5 cxd5 14. Nc5 Qe8 15. Be5 Bf5 16. Qd4 Rac8 17. Nb7 Rc4 18. Qxa7 Ra8 19. Qb6 Nd7 20. Qb3 Nxe5 21. Bxd5 Rcc8 22. Rac1 Bh3 23. Rfd1 h5 24. f4 Ng4 25. Nc5 Rab8 26. Qd3 Bxb2 27. Qxg6+ Bg7 28. Qxh5 1/2-1/2

[Event "Raahe We RaahLi"]
[Site "Raahe"]
[Date "2012.??.??"]
[Round "4"]
[White "Peltomaa, Jukka"]
[Black "Pitkaaho, Aki"]
[Result "1/2-1/2"]
[WhiteElo "1945"]
[BlackElo "2130"]
[PlyCount "57"]
[EventDate "2012.??.??"]
[EventType "swiss"]
[EventRounds "5"]
[EventCountry "FIN"]
[SourceTitle "EXT 2022"]
[Source "ChessBase"]
[SourceDate "2021.10.06"]
[SourceVersion "1"]
[SourceVersionDate "2021.10.06"]
[SourceQuality "1"]

1. d4 Nf6 2. Nf3 g6 3. c4 Bg7 4. Nc3 0-0 5. e4 d6 6. Be2 e5 7. 0-0 Na6 8. Be3 Ng4 9. Bg5 f6 10. Bh4 g5 11. Bg3 Nh6 12. dxe5 fxe5 13. h4 Nf7 14. hxg5 Nxg5 15. Nxg5 Qxg5 16. Nd5 c6 17. Ne3 Nc5 18. Bf3 Qg6 19. Bh5 Qxe4 20. Qxd6 Qd4 21. Qxd4 exd4 22. Bd6 dxe3 23. Bxc5 exf2+ 24. Rxf2 Rxf2 25. Kxf2 Be6 26. Be2 b6 27. Ba3 Bd4+ 28. Ke1 Re8 29. Kd2 1/2-1/2

[Event "FIN-chT1C 0910"]
[Site "Finland"]
[Date "2009.09.??"]
[Round "1.1"]
[White "Pitkaaho, Aki"]
[Black "Laitinen, Mika"]
[Result "1/2-1/2"]
[WhiteElo "2141"]
[BlackElo "1983"]
[PlyCount "41"]
[EventDate "2009.09.19"]
[EventType "team-tourn"]
[EventRounds "7"]
[EventCountry "FIN"]
[SourceTitle "EXT 2022"]
[Source "ChessBase"]
[SourceDate "2021.10.06"]
[SourceVersion "1"]
[SourceVersionDate "2021.10.06"]
[SourceQuality "1"]
[WhiteTeam "Raahe Li"]
[BlackTeam "Paivola Passi"]
[WhiteTeamCountry "FIN"]
[BlackTeamCountry "FIN"]

1. d4 Nf6 2. Nc3 d5 3. Bg5 Bf5 4. e3 Nbd7 5. Nf3 e6 6. Bd3 Bg6 7. Ne5 Be7 8. f4 0-0 9. Nxg6 hxg6 10. Qf3 c5 11. Nd1 c4 12. Be2 Qa5+ 13. c3 b5 14. Qh3 b4 15. 0-0 bxc3 16. bxc3 Rfe8 17. Qh4 Qa3 18. Rf3 Nh7 19. Rh3 Ndf8 20. Bxe7 Rxe7 21. e4 1/2-1/2

[Event "FIN-chT1D 0809"]
[Site "Finland"]
[Date "2008.??.??"]
[Round "3.2"]
[White "Salokangas, Hannu"]
[Black "Pitkaaho, Aki"]
[Result "1-0"]
[WhiteElo "2198"]
[BlackElo "2160"]
[PlyCount "83"]
[EventDate "2008.??.??"]
[EventType "team-tourn"]
[EventRounds "5"]
[EventCountry "FIN"]
[SourceTitle "EXT 2022"]
[Source "ChessBase"]
[SourceDate "2021.10.06"]
[SourceVersion "1"]
[SourceVersionDate "2021.10.06"]
[SourceQuality "1"]
[WhiteTeam "Tampere Tammer II"]
[BlackTeam "Raahe Li"]
[WhiteTeamCountry "FIN"]
[BlackTeamCountry "FIN"]

1. c4 e5 2. g3 Nc6 3. Bg2 g6 4. Nc3 d6 5. e3 Bg7 6. Nge2 Be6 7. d3 Qd7 8. Nd5 Nge7 9. 0-0 0-0 10. Rb1 f5 11. b4 a6 12. Bd2 Rf7 13. Qc2 h5 14. f4 Raf8 15. Rfc1 Nd8 16. b5 axb5 17. Nxe7+ Qxe7 18. cxb5 h4 19. Ba5 b6 20. Be1 hxg3 21. hxg3 Bf6 22. a4 Rg7 23. a5 bxa5 24. Bxa5 exf4 25. Nxf4 Bf7 26. Kf2 Bh4 27. gxh4 Qxh4+ 28. Kf1 g5 29. Nd5 f4 30. Nf6+ Kh8 31. Qf2 Qh6 32. Ng4 Qe6 33. Bf3 Bh5 34. Qh2 Rh7 35. Rxc7 Bf7 36. Bc3+ Kg8 37. Nf6+ Qxf6 38. Qxh7+ Kxh7 39. Bxf6 Ne6 40. Be4+ Kg8 41. Ra1 fxe3 42. Ra8 1-0

[Event "Oulu We Sh 77 op-A"]
[Site "Oulu"]
[Date "2004.02.28"]
[Round "1"]
[White "Pitkaaho, Aki"]
[Black "Sassi, Pekka"]
[Result "1/2-1/2"]
[WhiteElo "2199"]
[BlackElo "1951"]
[PlyCount "116"]
[EventDate "2004.02.28"]
[EventType "swiss"]
[EventRounds "5"]
[EventCountry "FIN"]
[SourceTitle "EXT 2007"]
[Source "ChessBase"]
[SourceDate "2006.11.23"]
[SourceVersion "1"]
[SourceVersionDate "2006.11.23"]
[SourceQuality "1"]

1. d4 d5 2. Nc3 Bf5 3. Bg5 Nf6 4. Bxf6 exf6 5. e3 c6 6. Bd3 Bg6 7. Nge2 Bd6 8. Ng3 Qd7 9. 0-0 0-0 10. Bxg6 hxg6 11. Qf3 Re8 12. Nce2 Na6 13. Rac1 Nc7 14. c4 Ne6 15. h4 dxc4 16. Rxc4 Rad8 17. Rfc1 Qe7 18. Ne4 Ng5 19. hxg5 Qxe4 20. Qxe4 Rxe4 21. gxf6 gxf6 22. g3 Kg7 23. Kg2 Ree8 24. b4 f5 25. a4 a6 26. Nc3 Rc8 27. Nd5 Rcd8 28. Nc3 Rc8 29. Ne2 Ra8 30. Rb1 Rac8 31. Rbc1 Ra8 32. R1c2 Kf6 33. Nc1 Re4 34. Ne2 Ree8 35. Nc3 Rad8 36. b5 cxb5 37. axb5 Kg7 38. bxa6 bxa6 39. Ra2 Rc8 40. Rxc8 Rxc8 41. Nd5 Ra8 42. Ra4 Kf8 43. f3 Ke8 44. e4 fxe4 45. fxe4 Ra7 46. e5 Be7 47. Rxa6 Rxa6 48. Nc7+ Kd7 49. Nxa6 Kc6 50. Kf3 Kb7 51. Nc5+ Bxc5 52. dxc5 Kc6 53. Kf4 Kxc5 54. e6 Kd6 55. exf7 Ke7 56. f8R Kxf8 57. Ke4 Kf7 58. Ke5 Ke7 1/2-1/2